000 00366 a2200169 4500
001 160288
020 _a85-329-0236-7
040 _cMagnum
100 _aSouza, Ângela Leite de
240 1 0 _aUm homem cor de limão
_lpor
245 1 0 _aUm homem cor de limão
300 _a32
362 0 _a1991
440 1 _a
697 _aLITERATURA INFANTO
942 _cBK
999 _c160288
_d160288